Lúštenie transpozičných šifier pomocou meta-heuristík

Enregistré dans:
Détails bibliographiques
Auteur principal: Javorka, Peter (Auteur)
Autres auteurs: Antal, Eugen (Directeur de thèse)
Format: Manuscrit Livre
Langue:slovaque
Publié: 2018
Sujets:
Accès en ligne:http://is.stuba.sk/zp/portal_zp.pl?podrobnosti=127387
Tags: Ajouter un tag
Pas de tags, Soyez le premier à ajouter un tag!

MARC

LEADER 00000ntm a22000003a 4500
001 stuzp60527
003 SK-STU
005 20181207091005.1
007 ta
008 150427s2015----xo-----f-mn---000-0-slo-d
040 |a STU  |b slo 
041 0 |a slo 
044 |a xo 
100 1 |a Javorka, Peter  |u 035000  |4 aut  |U FEI Fakulta elektrotechniky a informatiky  |T FEI Ústav informatiky a matematiky  |X 8776  |U E050  |Y 816  |7 8776 
242 0 1 |a Solving classical ciphers with meta-heuristic methods  |y eng 
245 1 0 |a Lúštenie transpozičných šifier pomocou meta-heuristík 
260 |c 2018 
300 |a 45 s., CD-ROM 
650 4 |a transposition ciphers  |2 eng 
650 4 |a meta-heuristics  |2 eng 
650 4 |a fitness functions  |2 eng 
650 4 |a transpozičné šifry  |2 slo 
650 4 |a fitness funkcie  |2 slo 
650 4 |a optimalizačné algoritmy  |2 slo 
700 1 |a Antal, Eugen  |u 035000  |k Z1  |4 ths  |U FEI Fakulta elektrotechniky a informatiky  |T FEI Ústav informatiky a matematiky  |X 36087  |U E050  |Y 816  |7 A000036087 
856 4 |u http://is.stuba.sk/zp/portal_zp.pl?podrobnosti=127387 
996 |b 284EP12034  |c E*DIPL- 12034  |l EE35  |s P  |a 0  |w stuzp60527_0001